000 00943nam a2200277 i 4500
001 25745
003 ES-MaACL
005 20250819173450.0
007 t|
008 030102s1982 sp ||||1| spa d
020 _a84-249-2175-5
100 0 _aAristóteles
_922861
245 1 0 _aMetafísica de Aristóteles
_b: = Aristotelis Metaphysica /
_cAristóteles ; edición trilingüe por Valentín García Yebra.
250 _a2ª ed. rev.
260 _aMadrid :
_bGredos,
_c1982.
300 _aLIII, 830 p. ;
_c24 cm.
490 1 _aBiblioteca hispánica de filosofía ;
_v65
500 _aEdición trilingüe griego-latín-castellano.
500 _aGlosario.
504 _aBibliografía.
700 1 _aGarcía Yebra, Valentín,
_d1917-2010
_955453
740 0 _aAristotelis Metaphysica.
830 0 _aBiblioteca hispánica de filosofía ;
_v65
_9181000
852 _aES-MaACL
_jL-8510
_bR.109174
999 _c25745
_d25745